Statistics for Books By Setting, One Per State

Click here to take the quiz!

General Stats

  • This quiz has been taken 32 times
  • The average score is 21 of 50

Answer Stats

Book 1Book 2State% Correct
The Great GatsbyThe Amazing Adventures of Kavalier & ClayNew York
90%
To Kill a MockingbirdFried Green Tomatoes at the Whistle Stop CafeAlabama
85%
Gone with the WindThe Hate U GiveGeorgia
85%
The Adventures of Tom SawyerGone GirlMissouri
85%
Snow Falling on CedarsTwilightWashington
85%
Pet SemataryThe Cider House RulesMaine
80%
The ShiningThe Dog StarsColorado
75%
Old Yeller11/22/63Texas
75%
Little House on the PrairieIn Cold BloodKansas
70%
Little WomenThe Handmaid's TaleMassachusetts
70%
Of Mice and MenThe Postman Always Rings TwiceCalifornia
65%
The Sound and the FuryThe Optimist's DaughterMississippi
65%
A River Runs Through ItLegends of the FallMontana
65%
A Thousand AcresThe Bridges of Madison CountyIowa
60%
Revolutionary RoadThe Stepford WivesConnecticut
55%
From Here to EternityThe DescendantsHawaii
55%
Portnoy's ComplaintThe Brief Wondrous Life of Oscar WaoNew Jersey
55%
One Flew Over the Cuckoo's NestThe PostmanOregon
50%
Rabbit, RunThe Killer AngelsPennsylvania
50%
Alas, BabylonSwamplandia!Florida
45%
Main StreetLake Wobegon DaysMinnesota
45%
Nights in RodantheWhere the Crawdads SingNorth Carolina
45%
The Lords of DisciplineThe Secret Life of BeesSouth Carolina
45%
The MoviegoerA Confederacy of DuncesLouisiana
40%
O Pioneers!The Echo MakerNebraska
40%
ShilohOctober SkyWest Virginia
40%
WarlockThe Bean TreesArizona
35%
I Know Why the Caged Bird SingsA Painted HouseArkansas
35%
Gentle BenThe Yiddish Policeman's UnionAlaska
30%
The Fault in our StarsAll the Bright PlacesIndiana
30%
The Witches of EastwickMy Sister's KeeperRhode Island
30%
A Death in the FamilyThe FirmTennessee
30%
Riders of the Purple SageThe Executioner's SongUtah
30%
The Confessions of Nat TurnerThe Known WorldVirginia
30%
Native SonDark MatterIllinois
20%
A Prayer for Owen MeanyThe Last PolicemanNew Hampshire
20%
Death Comes for the ArchbishopKilling Mr. GriffinNew Mexico
20%
The OutsidersTrue GritOklahoma
20%
The Book of Unknown AmericansSunburnDelaware
15%
HousekeepingPinesIdaho
15%
The Sot-Weed FactorThe Accidental TouristMaryland
15%
The Bluest EyeThe TreesOhio
15%
My Heart and Other Black HolesThe Book Woman of Troublesome CreekKentucky
10%
MiddlesexStation ElevenMichigan
10%
We Have Always Lived in the CastleThe Secret HistoryVermont
10%
The Ox-Bow IncidentDesperationNevada
5%
The Grass DancerLaRoseNorth Dakota
5%
The VirginianMy Friend FlickaWyoming
5%
Lord GrizzlyThe Battle of Pollocks CrossingSouth Dakota
0%
The Story of Edgar SawtelleThe Art of FieldingWisconsin
0%

Score Distribution

Percentile by Number Answered

Percent of People with Each Score

Your Score History

You have not taken this quiz